|
|
|
|
| LEADER |
00000nam0a2200000 4500 |
| 001 |
105044 |
| 005 |
20250211063204.0 |
| 035 |
|
|
|a (RuTPU)RU\TPU\book\113300
|
| 090 |
|
|
|a 105044
|
| 100 |
|
|
|a 20061110d1990 k y0rusy50 ca
|
| 101 |
0 |
|
|a rus
|
| 102 |
|
|
|a RU
|
| 105 |
|
|
|a a z 001zy
|
| 200 |
1 |
|
|a Автоматизация систем тягового электропривода и электроснабжения
|e сборник научных трудов
|f Московский энергетический институт; под ред. В. И. Андерс и М. Г. Колобова
|
| 210 |
|
|
|a Москва
|c Изд-во МЭИ
|d 1990
|
| 215 |
|
|
|a 114 с.
|c ил.
|
| 225 |
1 |
|
|a Сборник научных трудов
|d Труды МЭИ
|v № 238
|x 0234-9124
|
| 320 |
|
|
|a Библиография в конце статей
|
| 500 |
1 |
0 |
|a Труды Московского энергетического института
|9 88841
|
| 610 |
1 |
|
|a автоматизация
|
| 610 |
1 |
|
|a тяговые приводы
|
| 610 |
1 |
|
|a электроснабжение
|
| 610 |
1 |
|
|a сборники
|
| 610 |
1 |
|
|a электроприводы
|
| 675 |
|
|
|a 621.33
|v 3
|
| 702 |
|
1 |
|a Андерс
|b В. И.
|4 340
|
| 702 |
|
1 |
|a Колобов
|b М. Г.
|4 340
|
| 712 |
0 |
2 |
|a Московский энергетический институт (МЭИ)
|c (1930-1992)
|3 (RuTPU)RU\TPU\col\20092
|
| 801 |
|
1 |
|a RU
|b 63413507
|c 20061110
|g PSBO
|
| 801 |
|
2 |
|a RU
|b 63413507
|c 20231009
|g PSBO
|
| 942 |
|
|
|c BK
|